000 00787nam a22002177a 4500
999 _c7424
_d7424
003 OSt
005 20211108110324.0
008 211108b ||||| |||| 00| 0 eng d
020 _a9780754643555
040 _cDDC
082 _a307.1216 DES 2006
100 _a Edited by Roger ,Zetter: Georgia, Butina Watson
_915202
245 _aDesigning sustainable cities in the developing world.
260 _aEngland ; Burlington, VT :
_bAshgate;
_cc2006
300 _axviii, 210 p. :
_b ill. ;
_c25 cm.
504 _aIncludes bibliographical references and index.
650 _aCity planning -- Developing countries .
_915203
650 _aCities and towns -- Developing countries -- Growth.
_915204
650 _aSustainable development -- Developing countries.
_915205
942 _2ddc
_cBOOK